The Rock and Roll Hall of Fame : (Record no. 570)

MARC details
000 -LEADER
fixed length control field 01600cam a2200361 a 4500
005 - DATE AND TIME OF LATEST TRANSACTION
control field 20260322212025.0
008 - FIXED-LENGTH DATA ELEMENTS--GENERAL INFORMATION
fixed length control field data
010 ## - LIBRARY OF CONGRESS CONTROL NUMBER
LC control number 2009932516
015 ## - NATIONAL BIBLIOGRAPHY NUMBER
National bibliography number GBA966531
Source bnb
016 7# - NATIONAL BIBLIOGRAPHIC AGENCY CONTROL NUMBER
Record control number 015306922
Source Uk
020 ## - INTERNATIONAL STANDARD BOOK NUMBER
International Standard Book Number 9780061794681 (hbk.)
020 ## - INTERNATIONAL STANDARD BOOK NUMBER
International Standard Book Number 0061794686 (hbk.)
040 ## - CATALOGING SOURCE
Original cataloging agency UKM
Transcribing agency UKM
Modifying agency DLC
-- ORX
-- OCLCQ
-- VP@
-- DLC
042 ## - AUTHENTICATION CODE
Authentication code lccopycat
050 00 - LIBRARY OF CONGRESS CALL NUMBER
Classification number ML33.C54
Item number R63 2009
082 00 - DEWEY DECIMAL CLASSIFICATION NUMBER
Classification number 781.66074/77132
Edition information 22
092 ## - LOCALLY ASSIGNED DEWEY CALL NUMBER (OCLC)
Classification number 781.66 R63 2009
001 - CONTROL NUMBER
control field data
245 04 - TITLE STATEMENT
Title The Rock and Roll Hall of Fame :
Remainder of title the first 25 years : the definitive chronicle of rock & roll as told by its legends /
Statement of responsibility, etc. edited by Holly George-Warren.
260 ## - PUBLICATION, DISTRIBUTION, ETC.
Place of publication, distribution, etc. Enfield :
Name of publisher, distributor, etc. Publishers Group UK [distributor],
Place of publication, distribution, etc. Enfield :
Name of publisher, distributor, etc. Publishers Group UK [distributor],
Date of publication, distribution, etc. 2009.
300 ## - PHYSICAL DESCRIPTION
Extent 247 p. :
Other physical details ill. (mostly col.) ;
Dimensions 29 cm.
610 20 - SUBJECT ADDED ENTRY--CORPORATE NAME
Corporate name or jurisdiction name as entry element Rock and Roll Hall of Fame and Museum
General subdivision History.
650 #0 - SUBJECT ADDED ENTRY--TOPICAL TERM
Topical term or geographic name entry element Rock musicians
General subdivision History.
650 #0 - SUBJECT ADDED ENTRY--TOPICAL TERM
Topical term or geographic name entry element Rock groups
General subdivision History.
650 #0 - SUBJECT ADDED ENTRY--TOPICAL TERM
Topical term or geographic name entry element Rock musicians
Form subdivision Biography.
650 #0 - SUBJECT ADDED ENTRY--TOPICAL TERM
Topical term or geographic name entry element Rock groups
Form subdivision Biography.
700 1# - ADDED ENTRY--PERSONAL NAME
Personal name George-Warren, Holly.
906 ## - LOCAL DATA ELEMENT F, LDF (RLIN)
a 7
b cbc
c copycat
d 2
e ncip
f 20
g y-gencatlg
925 0# -
-- acquire
-- 2 shelf copies
-- policy default
955 ## - COPY-LEVEL INFORMATION (RLIN)
-- vk05 2009-11-12 to Dewey
-- rd07 2010-01-14
963 ## -
-- Gyda Arber; phone: (212) 207-7323; fax: (212) 207-7654; email: [email protected]; bc: [email protected]
Holdings
Withdrawn status Lost status Damaged status Not for loan Home library Current library Shelving location Date acquired Total checkouts Full call number Barcode Date last seen Price effective from Koha item type
        Centerville Centerville General stacks 22/03/2026   781.66074/77132 22 BC0010583 22/03/2026 22/03/2026 Books